LEADER 01067nam--2200337---450- 001 990001705230203316 005 20050510103117.0 035 $a000170523 035 $aUSA01000170523 035 $a(ALEPH)000170523USA01 035 $a000170523 100 $a20040527d1966----km-y0itay0103----ba 101 0 $aeng 102 $aUS 105 $a||||||||001yy 200 1 $a<> triumph of the english language$ea survey of opinions concerning the vernacular from the introduction of printing to the restoration$fby Richard Foster Jones 210 $aStanford$cStanford University Press$d1966 215 $aXIII, 342 p.$d23 cm 410 0$12001 454 1$12001 461 1$1001-------$12001 700 1$aJONES,$bRichard Foster$0169861 801 0$aIT$bsalbc$gISBD 912 $a990001705230203316 951 $aVII.3.B. 44(XII Q 30)$b23672 L.M.$cXII Q 959 $aBK 969 $aUMA 979 $aSIAV4$b10$c20040527$lUSA01$h1320 979 $aCOPAT2$b90$c20050510$lUSA01$h1031 996 $aTriumph of the English language$9520807 997 $aUNISA LEADER 01066nam2-2200349li-450 001 990003218670203316 005 20170912125443.0 010 $a0-7204-0498-3 035 $a000321867 035 $aUSA01000321867 035 $a(ALEPH)000321867USA01 035 $a000321867 100 $a2002009041976-------y0itay0103----ba 101 0 $aeng 102 $aNE 200 1 $aLattice theory$fA.P. Huhn and E.T. Schmidt (Eds.) 210 $aAmsterdam [etc.]$cNorth-Holland$d1976 215 $a462 p.$cill.$d24 cm 225 2 $aColloquia mathematica societatis Janos Bolyai$v14 410 0$10010010490$12001$aColloquia mathematica societatis Janos Bolyai 606 1 $aMatematica$2BNCF 676 $a510 702 1$aHUHN,$bA.P. 702 1$aSCHMIDT,$bE.T. 801 $aSistema bibliotecario di Ateneo dell' Università di Salerno$gRICA 912 $a990003218670203316 951 $a510 MJB (14)$b5022/CBS$c510$d00217052 959 $aBK 969 $aSCI 979 $aRSIAV7$b90$c20090416$lUSA01$h1027 996 $aLattice theory$91410318 997 $aUNISA